| 000 | 00775nam a22002417a 4500 | ||
|---|---|---|---|
| 001 | 50533 | ||
| 003 | BD-RjUL | ||
| 005 | 20211209075526.0 | ||
| 008 | 160827s1962 nju||||| |||| 00| 0 eng d | ||
| 035 | _a(BD-RjUL) 50653 | ||
| 040 |
_aBD-RjUL _beng _cBD-RjUL _dBD-RjUL |
||
| 041 | _aeng | ||
| 082 |
_223 _a513.8 _bTOC 1962 |
||
| 100 |
_aToda, Hiroshi _9151370 |
||
| 245 |
_aComposition methods in homotopy groups of spheres / _cHiroshi Toda |
||
| 260 |
_aNew Jersey : _bPrinceton, N.J., Princeton University Press, _c1962. |
||
| 300 |
_a192 p. ; _c23 cm. |
||
| 490 | _aAnnals of mathematics studies, no. 49. | ||
| 504 | _aIncludes Bibliography. | ||
| 650 |
_a Homotopy groups. _x Sphere. _9151371 |
||
| 856 | _3Annals of mathematics studies, no. 49. | ||
| 942 |
_2ddc _cBK |
||
| 999 |
_c50533 _d50533 |
||